Catálogo

Vista normal Vista MARC

Entrada Personal Name

Número de registros utilizados en: 1

001 - CONTROL NUMBER

  • control field: 17231

003 - CONTROL NUMBER IDENTIFIER

  • control field: DLC

005 - DATE AND TIME OF LATEST TRANSACTION

  • control field: 20250619162940.0

008 - FIXED-LENGTH DATA ELEMENTS

  • fixed length control field: 840425n| azannaabn |a aaa

010 ## - LIBRARY OF CONGRESS CONTROL NUMBER

  • LC control number: n 84027823

035 ## - SYSTEM CONTROL NUMBER

  • System control number: (OCoLC)oca01131212

040 ## - CATALOGING SOURCE

  • Original cataloging agency: DLC
  • Language of cataloging: spa
  • Description conventions: rda
  • Transcribing agency: Mx-PuUPA
  • Modifying agency: DLC
  • Modifying agency: TxU
  • Modifying agency: OCoLC
  • Modifying agency: DLC
  • Modifying agency: FMFIU
  • Modifying agency: NcD
  • Modifying agency: CLU
  • Modifying agency: Mx-PuUPA

046 ## - SPECIAL CODED DATES

  • Birth date: 19350619
  • Source of date scheme: edtf

053 #0 - LC CLASSIFICATION NUMBER

  • Classification number element--single number or beginning number of span: PQ7798.13.A3867

100 1# - HEADING--PERSONAL NAME

  • Personal name: Calloni, Stella,
  • Dates associated with a name: 1935-

370 ## - ASSOCIATED PLACE

  • Place of birth: Pueblo Leguizamón (Argentina)

374 ## - OCCUPATION

  • Occupation: Periodista
  • Occupation: Autora
  • Source of term: lcsh

375 ## - GENDER

  • Gender: mujer

377 ## - ASSOCIATED LANGUAGE

  • Language code: spa

378 ## - FULLER FORM OF PERSONAL NAME

  • Fuller form of personal name: Stella Manuela Juliana

400 1# - SEE FROM TRACING--PERSONAL NAME

  • Personal name: Caloni, Stella

400 1# - SEE FROM TRACING--PERSONAL NAME

  • Personal name: Calloni Leguizamón, Stella

400 1# - SEE FROM TRACING--PERSONAL NAME

  • Personal name: Leguizamón, Stella Calloni

670 ## - SOURCE DATA FOUND

  • Source citation: Her La "guerra encubierta" contra Contadora, 1984:
  • Information found: t.p. (Stella Calloni) p. 2 (periodista argentina)

670 ## - SOURCE DATA FOUND

  • Source citation: LC data base, 4/23/84
  • Information found: (Calloni, Stella)

670 ## - SOURCE DATA FOUND

  • Source citation: Her Nicaragua, el tercer día, c1987:
  • Information found: t.p. (Stella Caloni)

670 ## - SOURCE DATA FOUND

  • Source citation: Calloni, Stella. Evo en la mira, c2009:
  • Information found: t.p. (Stella Calloni) front flap (Stella Calloni Leguizamón)

670 ## - SOURCE DATA FOUND

  • Source citation: Stella Calloni, íntima, 2013:
  • Information found: title page (Stella Calloni) page 17 (born Pueblo Leguizamón, Alcaraz Segundo, departamento La Paz, Entre Ríos, Argentina, 1935; Stella Manuela Juliana)

670 ## - SOURCE DATA FOUND

  • Source citation: Operación Condor, 2016:
  • Information found: t.p. (Stella Calloni) back cover (b. 1938 in Argentina; author and journalist)

670 ## - SOURCE DATA FOUND

  • Source citation: Stella Calloni, 2020 (subj.):
  • Information found: page 183 (born June 19, 1935)